Využitie meraní Dopplerovho rozšírenia anihilačnej čiary pri charakterizácii modelových zliatin pre jadrové zariadenia

Guardado en:
Detalles Bibliográficos
Autor principal: Húska, Matúš (Autor)
Otros Autores: Kršjak, Vladimír (Orientador)
Formato: Manuscrito Libro
Lenguaje:eslovaco
Publicado: Bratislava : STU v Bratislave FEI, 2022
Materias:
Acceso en línea:https://opac.crzp.sk/?fn=detailBiblioFormChildCPCF1&sid=378281AEB05FBF717536CFA6EBFA&seo=CRZP-detail-kniha
Etiquetas: Agregar Etiqueta
Sin Etiquetas, Sea el primero en etiquetar este registro!

MARC

LEADER 00000ntm a22000003a 4500
001 stuzp90854
003 SK-STU
005 20230227131748.8
007 ta
008 150427s2015----xo-----f-mn---000-0-slo-d
040 |a STU  |b slo 
041 0 |a slo 
044 |a xo 
100 1 |a Húska, Matúš  |u 036000  |4 aut  |U FEI Fakulta elektrotechniky a informatiky  |T FEI Ústav jadrového a fyzikálneho inžinierstva  |X 106163  |U E060  |Y 817  |7 106163 
242 0 1 |a Application of Doppler broadening spectroscopy of positron annihilation in the characterization of model alloys for nuclear applications  |y eng 
245 1 0 |a Využitie meraní Dopplerovho rozšírenia anihilačnej čiary pri charakterizácii modelových zliatin pre jadrové zariadenia 
260 |a Bratislava :  |b STU v Bratislave FEI,  |c 2022 
300 |a 54 s. 
650 4 |a CDBS  |2 slo 
650 4 |a radiačné defekty  |2 slo 
650 4 |a ocele TNR  |2 slo 
650 4 |a CDBS  |2 eng 
650 4 |a radiation defects  |2 eng 
650 4 |a RPV steels  |2 eng 
700 1 |a Kršjak, Vladimír  |u 036000  |k Z2  |4 ths  |U FEI Fakulta elektrotechniky a informatiky  |T FEI Ústav jadrového a fyzikálneho inžinierstva  |X 1787  |U E060  |Y 817  |7 A000001787 
856 4 |u https://opac.crzp.sk/?fn=detailBiblioFormChildCPCF1&sid=378281AEB05FBF717536CFA6EBFA&seo=CRZP-detail-kniha